00762nam a2200217Ii 45000010005000000030009000050080041000140400033000550410008000880820018000961000031001142450029001452640066001743000012002403360026002523370028002783380027003069400050003339990017003839520144004006521CO-ViMGA241108s9999||||xx |||||||||||||| ||und|| aCO-ViMGAbspaerdacCO-ViMGA0 aunk04aC863.44-S159l1 aRafael H. Salamanca95670410aLos héroes de Watapana 1a[Lugar de publicación no identificado] : Tercer Mundo, 1990 avolumen atextbtxt2rdacontent aunmediatedbn2rdamedia avolumebnc2rdacarrier aidficha_siabuc: 6372. -- ficha_no_siabuc:6521 c54784d54784 001040708001aMEVIGERRbMEVIGERRcGENd2006-11-27hVol.1oC863.44-S159lpECA5961r2024-11-26 10:41:42tEj.1w2024-11-26yBKz6372 | 8918